[Collection of photographs of founder members of the Surveyors' Institution] (Record no. 116413)

MARC details
000 -LEADER
fixed length control field 00906ckc a22002895a 4500
001 - CONTROL NUMBER
control field L140668
008 - FIXED-LENGTH DATA ELEMENTS--GENERAL INFORMATION
fixed length control field 071004n xxk eng u
035 ## - SYSTEM CONTROL NUMBER
System control number (Sirsi) u140668
041 0# - LANGUAGE CODE
Language code of text/sound track or separate title eng
245 01 - TITLE STATEMENT
Title [Collection of photographs of founder members of the Surveyors' Institution]
Medium [graphic]
260 ## - PUBLICATION, DISTRIBUTION, ETC.
Date of publication, distribution, etc. n.d.
300 ## - PHYSICAL DESCRIPTION
Extent 7 photographs
Other physical details b+w
Dimensions 14 x 10 cm.
340 ## - PHYSICAL MEDIUM
Material base and configuration Photograph
351 ## - ORGANIZATION AND ARRANGEMENT OF MATERIALS
Hierarchical level Fonds
500 ## - GENERAL NOTE
General note Photographs of the founder members of the Surveyors' Institution.
500 ## - GENERAL NOTE
General note Photographs are mounted.
600 14 - SUBJECT ADDED ENTRY--PERSONAL NAME
Personal name Vigers, Francis
Dates associated with a name 1820-95
600 14 - SUBJECT ADDED ENTRY--PERSONAL NAME
Personal name Penfold, John Wornham
Dates associated with a name 1828-1909
600 14 - SUBJECT ADDED ENTRY--PERSONAL NAME
Personal name Lee, Charles
Dates associated with a name 1805-80
600 14 - SUBJECT ADDED ENTRY--PERSONAL NAME
Personal name Horsey, Thomas
Dates associated with a name 1818-1889
600 14 - SUBJECT ADDED ENTRY--PERSONAL NAME
Personal name Clutton, John
Dates associated with a name 1809-96
600 14 - SUBJECT ADDED ENTRY--PERSONAL NAME
Personal name Clark, Frederick James
Dates associated with a name 1818-75
600 14 - SUBJECT ADDED ENTRY--PERSONAL NAME
Personal name Driver, Robert Collier
Dates associated with a name 1816-97
651 4# - SUBJECT ADDED ENTRY--GEOGRAPHIC NAME
Geographic name United Kingdom
Chronological subdivision
690 ## - LOCAL SUBJECT ADDED ENTRY--TOPICAL TERM (OCLC, RLIN)
Topical term or geographic name as entry element ABOUT RICS
942 ## - ADDED ENTRY ELEMENTS (KOHA)
Suppress in OPAC 0
Holdings
Withdrawn status Lost status Source of classification or shelving scheme Damaged status Not for loan Home library Current library Shelving location Date acquired Total Checkouts Full call number Barcode Date last seen Copy number Price effective from Koha item type
    Dewey Decimal Classification     Historic collection Historic collection Historic collection 04/10/2007   MAP CABINET DRAWER 7 140668-2001 06/08/2019 1 06/08/2019 Archive